| 000 | 00806nas a2200229 i 4500 | ||
|---|---|---|---|
| 001 | 1872 | ||
| 003 | ES-MaACL | ||
| 005 | 20250724062554.0 | ||
| 008 | 950801d1851 sp sr p 0 1 |spa d | ||
| 080 | _a460 | ||
| 245 | 0 | 0 |
_aRevista europea : _bcolección de los mejores artículos que sobre ciencias, artes y literatura, han publicado desde su fundación las más notables del estranjero [sic]. |
| 260 |
_aMadrid : _bImp. de Luis García, _c1851. |
||
| 300 |
_av. ; _c23 cm. |
||
| 310 | _aQuincenal | ||
| 362 | 0 | _aT. I (1851) | |
| 530 | _aDisponible en formato digital. | ||
| 650 | 7 |
_aCultura _2embne _9170963 |
|
| 852 |
_aES-MaACL _jR-2232. Olim: G-2724. |
||
| 856 |
_uhttps://archive.org/details/revistaeuropeac00unkngoog/page/n6 _zInternet Archive |
||
| 866 | 0 | _o1851. | |
| 999 |
_c1872 _d1872 |
||